ՀՀ Գիտությունների ազգային ակադեմիայի հիմնարար գիտական գրադարան  =   Fundamental Scientific Library of NAS RA

Клуэ / (Record no. 154988)

MARC details
000 -LEADER
fixed length control field 00876nam a2200253 u 4500
001 - CONTROL NUMBER
control field 000407764
003 - CONTROL NUMBER IDENTIFIER
control field AM-YeHGA
005 - DATE AND TIME OF LATEST TRANSACTION
control field 20250617132637.0
008 - FIXED-LENGTH DATA ELEMENTS--GENERAL INFORMATION
fixed length control field 050204s1962 ||| r 000 0 rus d
040 ## - CATALOGING SOURCE
Original cataloging agency AM-YeHGA
041 0# - LANGUAGE CODE
Language code of text/sound track or separate title rus
090 ## - LOCALLY ASSIGNED LC-TYPE CALL NUMBER (OCLC); LOCAL CALL NUMBER (RLIN)
-- 156386
100 1# - MAIN ENTRY--PERSONAL NAME
Personal name Мальцева, Наталья Львовна
245 10 - TITLE STATEMENT
Title Клуэ /
Statement of responsibility, etc. Н.Л. Мальцева.
260 ## - PUBLICATION, DISTRIBUTION, ETC.
Place of publication, distribution, etc. Москва :
Name of publisher, distributor, etc. Искусство,
Date of publication, distribution, etc. 1962.
300 ## - PHYSICAL DESCRIPTION
Extent 64 стр. :
Other physical details [12] л. илл. ;
Dimensions 17 см.
504 ## - BIBLIOGRAPHY, ETC. NOTE
Bibliography, etc. note Библиография, стр. 64
600 14 - SUBJECT ADDED ENTRY--PERSONAL NAME
Personal name Клуэ, Франсуа
Dates associated with a name 1515-1572
650 14 - SUBJECT ADDED ENTRY--TOPICAL TERM
Topical term or geographic name entry element Живопись зарубежных стран
650 14 - SUBJECT ADDED ENTRY--TOPICAL TERM
Topical term or geographic name entry element Живопись
Geographic subdivision Франция
653 0# - INDEX TERM--UNCONTROLLED
Uncontrolled term Французский Ренесанс
653 0# - INDEX TERM--UNCONTROLLED
Uncontrolled term Художники французские
653 0# - INDEX TERM--UNCONTROLLED
Uncontrolled term Живопись, 16 в. - Франция
Holdings
Withdrawn status Lost status Damaged status Not for loan Collection Home library Current library Date acquired Total checkouts Full call number Barcode Date last seen Price effective from Koha item type Public note
        General Fundamental Scientific Library Fundamental Scientific Library 28/12/2016   929:75(44)Клуэ 110050944 28/12/2016 28/12/2016 Գրքեր / Books 30 Days Loan


ՀՀ ԳԱԱ հիմնարար գիտական գրադարան
ՀՀ,Երևան 0019
Մարշալ Բաղրամյան 24/6
հեռախոս:(374-10) 52-47-50
Հետադարձ կապ

All site content, except where otherwise noted, is licensed under a
Creative Commons License